[Event "Oregon Class Championships"]
[White "Bayrambeyli, Emel"]
[Black "Smith, Charles Augustus"]
[Site "?"]
[Round "3"]
[Annotator "Emel Bayrambeyli"]
[Result "1-0"]
[Date "2024.11.02"]
[WhiteElo "1796"]
[BlackElo "1802"]
[PlyCount "81"]
[GameId "2119644682739726"]
[EventDate "2024.11.02"]
[SourceVersionDate "2024.12.14"]

{[%evp 0,81,19,38,75,73,85,35,63,59,58,53,39,32,42,29,36,5,31,19,23,-1,27,36,44,36,59,78,79,74,80,98,95,91,91,87,199,192,195,213,237,179,270,229,262,270,275,261,364,370,463,418,413,414,499,508,538,540,556,580,653,679,859,1013,1024,1053,1174,835,911,840,1028,1146,1124,1124,1124,1331,1209,1209,1600,1448,1928,1931,1939,1939] I would like to start by thanking the organizers, arbiters, and everyone who worked hard to make this tournament possible. Im also very grateful to my chess trainer, Stanislav Ilin, for his dedication, and to my family for always standing by me. Finally, a big thanks to the Green Chess Team for their trust and support throughout this journey} 1. e4 d6 2. d4 Nf6 3. Bd3 g6 4. Nf3 Bg7 5. O-O O-O 6. Nbd2 Nc6 7. h3 {I thought limiting the c8 bishop would be the best} Nb4 8. Bc4 (8. Be2 {Could have been better for me since it doesn't tempt the move d5}) 8... d5 {My opponent finds the best move} 9. exd5 Nbxd5 10. Ne5 {Preparing a spot on f3 for my second knight} c6 11. Ndf3 Bf5 12. Bb3 {Protecting the c2 pawn before the threat Nb4} Nc7 13. Re1 Be6 14. c4 {Trying to trade the bishops was a very smart idea from my opponent but it wasn't the best for me} Qc8 15. Bf4 {I felt like Bxh3 could have been a threat so i developed the bishop closer to my kingside} Nh5 16. Bh2 Nf6 17. Qe2 h6 {There is a tactic after this move, see if you can spot it} 18. Nxg6 $1 Re8 {My opponent finds the best defence} (18... fxg6 {if takes there's} 19. Bxc7 Qxc7 20. Qxe6+ Kh7) 19. Nge5 a5 20. Ba4 Ra6 21. Rac1 Qd8 22. Red1 Bf5 23. d5 {After all the pieces were in, it was time to find a move that would cause black problems} Qc8 24. dxc6 b6 25. Bb5 Ra7 26. Nd7 Nxb5 27. cxb5 e5 28. Nxb6 Qe6 29. Qc4 {Trying to trade the queens in order to minimize the threats from the kingside} Qe7 30. Bxe5 Ne4 31. Bxg7 Kxg7 32. Nd5 Qe6 33. b6 Raa8 34. Nc7 Qg6 35. Nh4 {My opponent kept threatening from the kingside so I had to trade some pieces before taking one of the rooks} Qf6 36. Nxf5+ Qxf5 37. Qd4+ f6 38. Nxe8+ Rxe8 39. Qd7+ Kg6 40. Qxf5+ Kxf5 41. c7 1-0

[Event "Oregon Class Championships"]
[White "Hosford, Michael"]
[Black "Adebolu, Ademidun"]
[Site "?"]
[Round "3"]
[Annotator "Wilson Gibbins"]
[Result "1-0"]
[Date "2024.11.02"]
[WhiteElo "1821"]
[BlackElo "1773"]
[PlyCount "111"]
[GameId "2119313124864131"]
[EventDate "2024.11.02"]
[SourceVersionDate "2024.12.14"]

{[%evp 0,111,19,31,14,30,23,12,12,26,39,35,33,29,21,19,56,53,53,42,26,13,13,13,11,-23,-28,-28,21,-3,4,-2,57,52,34,47,40,39,39,59,56,50,54,50,69,51,52,50,88,75,100,55,91,91,74,83,74,78,78,86,86,42,77,88,81,89,83,83,90,83,101,99,128,104,113,120,147,73,68,16,14,33,24,19,24,5,0,46,53,53,39,51,54,54,51,50,52,51,58,54,54,54,54,54,54,50,50,50,421,433,29997,29998,29999,29999]} 1. d4 Nf6 2. Nf3 d5 3. e3 {Looks like it will be a conservative Colle System, but} g6 4. c4 {Michael switches to the more challenging "Sneaky Gruenfeld" line recommended by Axel Smith in the book "e3 Poision"} c6 5. Nc3 {Transposing to the Schlechter Variation of the Gruenfeld. Modern opening theory requires players to be prepared to play many different systems..} Bg7 6. Qb3 O-O 7. Bd2 dxc4 8. Bxc4 b5 9. Be2 a5 10. O-O Bf5 11. Nh4 Be6 12. Qd1 Nbd7 13. Nf3 Nb6 14. Ne5 Qd6 15. Bf3 Nfd5 {covers the of White's bishop on the c6 pawn, but allows White's knight on c3 to get active. White has a positional edge.} 16. Ne4 Qc7 17. Nd3 Bf5 18. Nec5 Bxd3 19. Nxd3 Nc4 20. Rc1 Qb6 21. a4 Rfd8 22. b3 Nxd2 23. Qxd2 e5 $5 {An imaginative attempt to break White's bind on the position.} 24. Nxe5 $1 Bxe5 25. dxe5 Nb4 26. Qc3 Rd3 27. Qc5 ({Better are} 27. Qb2) ({and} 27. Qa1 $5 {so if} Rxb3 $2 {then} 28. e6 $1 fxe6 29. Qf6 Re8 30. Bg4 {gives White a big advantage as his queen and bishop are sufficient for an unstoppable attack.} {If Black plays} c5 {to defend his pawn on e6, then White can bring up the reserves with} 31. Rfd1 ({or play the show-off line} 31. Rxc5 Qxc5 32. Bxe6+ Rxe6 33. Qxe6+ Kg7 34. Qxb3)) 27... Qxc5 28. Rxc5 bxa4 29. bxa4 Ra3 30. g3 Nd3 (30... Ra7 {avoids White's trick, and is close to equality.}) 31. Rxc6 $1 $16 Nxe5 $1 {the best defense} 32. Rxg6+ $1 hxg6 33. Bxa8 Rxa4 34. Bd5 {White is better, but there is still a lot of work left to do in this endgame. Black's passed a-pawn gives him chances, and White's pawn formation makes it difficult to create a passed pawn.} Rb4 35. Rc1 g5 36. f4 {getting a passed pawn, but a step in the wrong direction. Black gets some play against White's kingside pawns and king itself.} gxf4 37. exf4 Ng4 38. Rc8+ (38. Bf3 $1 {White needs to drive Black's knight off the g4 square.}) 38... Kg7 39. Bf3 {It isn't as effective as it was the move before, as Black can check on White's back rank and win a pawn} Rb1+ 40. Kg2 Rb2+ 41. Kh3 Nxh2 $11 42. Bg2 Ng4 $1 43. Kxg4 Rxg2 44. Ra8 Ra2 {Black has a draw, even if he loses his passed a pawn.} 45. Kg5 Ra3 46. g4 a4 47. Ra7 Ra1 48. f5 Rf1 {Stockfish agrees - it is time for Black to give up his a pawn and draw the pawn down rook ending. But Black will have to be alert and look for opportunities to reach Philidor's position.} 49. Rxa4 f6+ 50. Kh4 Kh6 51. Ra8 Rh1+ 52. Kg3 Rg1+ 53. Kf3 Kg5 $2 {tempting, but losing.} (53... Kg7 $11 {is the most logical.}) (53... Kh7 $11 {also draws, Black's king is close enough to defend his f pawn.}) (53... Rf1+ $2 54. Kg2 Re1 55. Rg8 $1 {wins Black's f-pawn}) 54. Rg8+ Kh4 (54... Kh6 55. Rg6+ Kh7 56. Rxf6 $18) 55. Rh8+ Kg5 56. Rh5# 1-0

[Event "Oregon Class Championships"]
[White "Le, Hung"]
[Black "Lin, Yian"]
[Site "?"]
[Round "3"]
[Annotator "Yian Lin"]
[Result "0-1"]
[Date "2024.11.02"]
[WhiteElo "1739"]
[BlackElo "1790"]
[PlyCount "70"]
[GameId "515556029810"]
[EventDate "2024.11.02"]
[SourceVersionDate "2024.12.14"]

{[%evp 0,70,19,-12,34,26,26,30,30,4,17,34,19,11,26,38,47,56,54,28,46,30,53,36,36,46,23,15,-4,-8,-12,-11,-7,-9,-17,-58,-61,-48,-39,-45,-44,-54,-65,-98,-74,-74,-59,-195,-153,-144,-155,-258,-258,-287,-270,-292,-263,-320,-415,-480,-381,-730,-353,-511,-540,-522,-260,-259,-255,-29995,-29996,-29999,-29999]} 1. c4 c6 {I don't have theory for 1. c4, so I try to transpose it to a Slav, which I do have theory for.} 2. d4 d5 3. cxd5 cxd5 4. Nf3 Nc6 5. Nc3 Nf6 6. Bf4 e6 7. e3 Be7 8. h3 O-O 9. Bd3 a6 10. a3 Na5 11. Qc2 $6 {I feel the queen is misplaced here, but the engine seems to be indifferent.} b5 12. O-O Bb7 13. Rfc1 Rc8 14. b4 Nc4 15. Qe2 {The game has been roughly equalised here. I didn't like 15..Ne4! due to 16.Bxe4 dxe4 17.Nd2, forcing my Nc4 to trade, but here this is the tactic 17..Nxa3!, winning material.} h6 16. Ne5 Bd6 17. Bxc4 $2 $15 {The first mistake. White allows my light-squared bishop to come to life, while giving me the bishop pair.} dxc4 18. e4 Qc7 {Knowing that the opponent doesn't have many options, I take it slow and try to force him to make concessions.} 19. Bg3 Qb6 {Forcing the rook to relinquish the defense of the knight.} 20. Rd1 a5 {Trying to create a breakthrough on the queenside, where I have the pawn majority. Taking it slow with 20.Rfd8 would've been better, to strengthen the Bd6 and the square d7.} 21. Rab1 $2 {White could've retained equality with 21.Bh4, or 21.bxa5.} axb4 22. axb4 Ra8 {Taking the file.} 23. f4 {This move sparks my opponent's downfall, as he weakens his king and lets my rook in, while pinning d4 to the king.} Ra3 24. Be1 Rd8 {Sacrificing was possible, but due to a lack of confidence and time [to calculate deeply], I decided against it.} 25. Nxc4 {Lashing out. This tactical sequence unfortunately does not bear fruit for my opponent, as it lets too many pieces attack d4, culminating to a loss of material.} bxc4 26. e5 Be7 27. exf6 Bxf6 28. Kh1 {Kh2 was better, as it prevents white from defending 28..Rxd4 with 29. Qf2.} Rxd4 29. Rxd4 Bxd4 30. Qxc4 e5 {Opening the 6th rank for my queen to rotate to.} 31. fxe5 Bxc3 32. Bxc3 Qg6 {While not as good as 32..Qe3!, this move still forces white to find the combination 33.Rb2 Qg3 34.Rc2, and even then it is completely losing for white.} 33. Rb2 Qg3 34. Bd4 {Blundering mate. My opponent had 5 minutes or so at this move.} Ra1+ 35. Bg1 Qxh3# 0-1

[Event "Oregon Class Championships"]
[White "Dwyer, William"]
[Black "Dollinger, Eli"]
[Site "?"]
[Round "4"]
[Annotator "Eli Dollinger"]
[Result "0-1"]
[Date "2024.11.03"]
[WhiteElo "1748"]
[BlackElo "1728"]
[PlyCount "72"]
[GameId "515457896423"]
[EventDate "2024.11.02"]
[SourceVersionDate "2024.12.14"]

{[%evp 0,72,19,31,19,-16,-9,-29,-11,-11,1,-2,11,27,22,7,30,30,47,49,35,29,28,35,29,29,24,36,46,41,44,29,29,-31,-9,-37,-39,-69,-81,-81,-77,-101,-122,-123,-123,-99,-69,-69,-94,-116,-119,-187,-188,-192,-196,-221,-172,-277,-287,-283,-260,-299,-304,-308,-301,-475,-471,-482,-360,-471,-388,-414,-417,-402,-603]} 1. d4 d5 2. c4 e6 3. cxd5 exd5 4. Nc3 Nf6 5. Bg5 Be7 6. e3 h6 7. Bh4 c6 8. Bd3 Ne4 9. Bxe7 Qxe7 10. Qc2 Nxc3 11. bxc3 Qg5 12. Kf1 {I went 11... Qg5 because I felt it would induce a weakness I could exploit. I was expecting 12. g3 or 12. f4. 12. Kf1 feels wrong to me. The engine says the move is fine, but from a human perspective it makes white’s position look a bit awkward.} O-O 13. Nf3 Qf6 14. Rb1 Nd7 15. a4 {I don't like this move for white. It gives me a weakness to target, and it feels too slow.} c5 {Given the slightly precarious position of the white king, I decided opening the center was to my advantage.} 16. Bf5 b6 17. e4 {I dislike this move because 1. It reduces the flexibility of the white bishop and 2. It opens the center (which is to my advantage).} g6 {White is forced to either move the bishop to a more passive square or trade itself for the knight.} 18. Bxd7 Bxd7 19. e5 {19. exd5 could not be played due to 19... Bf5} Qf4 20. h3 cxd4 {20... Bf5 fails to 21. Qc1. I played 21... cxd4 to open up the file.} 21. cxd4 {I believe this move was a mistake. 21. Rb4 was better.} Rac8 22. Qb3 Rc4 {Attacking the a-pawn and preparing to double the rooks.} 23. g3 Qf5 24. Ra1 Rfc8 {Threatening a fork.} 25. Qe3 {I saw in this position a way to transition into a winning endgame.} Rc3 26. Nh4 {This move is the only way to not lose a piece outright.} Qxh3+ 27. Rxh3 Bxh3+ 28. Kg1 {28. Ke2 was better.} Rxe3 29. fxe3 Rc2 {Activating the rook.} 30. a5 g5 31. axb6 axb6 32. Ng6 {I think 32. Nf3 was a little better, but still losing due to 32... Rg2+.} fxg6 33. Rb1 Rc6 34. e4 Be6 35. Rb5 dxe4 36. d5 Rc5 {Either going into a winning Rook and Bishop vs Rook endgame or liquidating into a winning pawn endgame. My opponent resigned.} 0-1

[Event "Oregon Class Championships"]
[White "Tebbe, Abraham"]
[Black "Barish, Elijah"]
[Site "?"]
[Round "3"]
[Annotator "Elijah Barish"]
[Result "0-1"]
[Date "2024.11.02"]
[WhiteElo "1546"]
[BlackElo "1398"]
[PlyCount "102"]
[GameId "516301479816"]
[EventDate "2024.11.02"]
[SourceVersionDate "2024.12.14"]

{This was the 3rd 90+10 game I had played that day, and it started at 6:00 pm. I am proud of my play against a much higher rated opponent. Even though I nearly let the win slip, I was able to push through the fatigue to win the game, though not exactly with a steady hand. This game also put me back in competition after a difficult first round loss.} 1. Nf3 Nf6 2. d4 e6 3. c4 Bb4+ {This is now a Bogo-Indian, but by an unusual move order. In the Bogo, Black plans on exchanging their dark-squared “good bishop” on either d2 or c3. Then black will push d6 and e5 and put all their pawns on dark squares to improve their remaining bishop. The Bogo is mostly sound, but Black must be careful lest white be able to make use of their bishop pair.} 4. Bd2 Qe7 5. a3 Bxd2+ 6. Nbxd2 {Most players recapture with 6. Qxd2 and develop their knight to c3, but my opponent seemed to be a bit confused and was likely out of prep by now.} d6 7. e4 e5 {This e5 push, which is a central theme in the Bogo, is right on time, as 8. e5 cannot be allowed. This also threatens 8… exd4 9. cxd4 Nxe4, winning a pawn.} 8. d5 O-O {I was happy with my position here. Normally, White refrains from pushing d5, and black must either force d5 with the weakening c5 or play without a good square for the b8 knight. Now, I get the c5 square for their knight.} 9. Bd3 Bg4 {[%csl Gf3] This gets the bishop out of the way so I can play Nbd7.} 10. h3 Bh5 11. g4 {[%csl Gh5]} Bg6 {White will win black’s light squared bishop, but at the cost of mutilating their kingside pawn structure.} 12. h4 h6 $6 {This is overly passive.} ({stronger was} 12... h5 $1) 13. h5 Bh7 14. Nh4 $6 {Inaccuracy. g5 was best.} (14. g5 hxg5) 14... Nbd7 15. Nf5 Bxf5 16. gxf5 {[%csl Gg5][%cal Gf6h7,Gh7g5] Now Black has lost the bishop pair and White has a semi-open file against Black’s king. The only reason Black is still in the game is that with no g-pawn, White cannot pawn storm the black king. In addition, Black’s knight will be much better than the pathetic excuse for a bishop on d3. For these reasons, Black is equal or even slightly better.} Nc5 17. Bc2 Nh7 {[%csl Gb2] I am going to put my knight on g5.} 18. b4 Nd7 19. Nf3 Ng5 20. Rg1 $2 (20. Nxg5 $1 Qxg5 $15) 20... Nxf3+ $6 ({I missed} 20... Nh3 $1 {when the knight gets a phenomenal outpost on f4. Still, my opponent made several subpar moves leading up to this, and I am slightly better despite missing a golden opportunity.}) 21. Qxf3 {[%csl Gd7][%cal Gd7f6,Gf6h7,Gd7f8,Gf8h7,Gh7g5]} a5 $5 {I am very proud of this move, no matter what the engine says. If 22.b5, my knight gets a permanent outpost on c5. If 22. bxa5, I get a semi-open file attacking an isolated pawn, and white’s chances of getting the other rook into the attack via queenside castling are gone. If 22. 0-0-0, as happened in the game, I get an open a-file. This may not seem like much, but it turns out to be very important in the game. However, the computer claims that 22. Ba4, which both me and my opponent missed, equalizes for white.} 22. O-O-O $6 {[%csl Gg8,Ge6]} axb4 23. axb4 {[%csl Ga1,Ga2,Ga3,Ga4,Ga5,Ga6,Ga7,Ga8][%cal Ga8a1]} Qf6 {This move locks my queen up defending g7, but this is only temporary, and I can maneuver my knight to g5 via Nf8-h7.} 24. Rg3 Kh8 25. Rdg1 Rg8 {Now White’s attack has fizzled out, and I will have a good square for my knight in addition to that open a-file.} 26. Kb2 Nf8 {There is nothing my opponent can do to stop my knight from going to g5.} 27. Qe3 Nh7 28. Ra1 Rxa1 29. Kxa1 Ra8+ {Maintaining my death grip on the a-file.} 30. Kb2 Ng5 $6 {Inaccuracy. Qd8 was best.} (30... Qd8 31. Rg1) 31. Rg1 Qd8 {[%csl Gf2,Gf5,Gc2] I may want to reroute my queen at some point in the future, and this move also defends the a8 rook.} 32. f4 $2 ({But after White's best move} 32. Ra1 {Black still stands sigificantly better - WG}) 32... exf4 33. Qc3 ({If} 33. Qxf4 $2 {Black wins by} Nh3) 33... Qe7 34. Rg4 Qe5 {If White exchanges on e5, my f4 pawn will be protected and the rest will just be a matter of technique.} 35. Bb1 Ra4 {Threatening 36…Rxb4+!, exploiting the pin on the queen.} 36. Kc2 Qxe4+ {A very risky decision in an important game, but it was hard to keep a steady hand at 8:00 pm while winning against an opponent 150 rating points higher than me.} 37. Kb3 Qxb1+ $1 ({I was debating whether to play this or} 37... Rxb4+ {but I figure that I would get 3 pawns for the exchange either way, and this way I would open the king to attack more.}) 38. Kxa4 Qa2+ {Winning another pawn, as 39. Kb5?? Qa6#.} 39. Qa3 Qxc4 40. Qb2 b5+ 41. Ka5 Qxd5 {I thought for some time about this move, and though I didn’t want to give up my passed pawn, I couldn’t see any other way to make progress.} 42. Rxf4 Qc6 $6 {This threatens 43… Qb6#,} ({but} 42... Qb7 {would have been better, as it prevents Qa7 and gives the black knight a lethal square on c6.}) 43. Qd4 f6 {This does damage my pawn structure, but my plan was to end the game with Nf7-e5-c4+.} 44. Rg4 Nf7 {The inexorable march of the knight begins.} 45. Qa7 Ne5 $2 {This is perfectly natural, but it allows white a chance to save himself. Still, this was very difficult to see, and I do not fault my opponent for not seeing it.} 46. Qb8+ Kh7 47. Rh4 $2 ({The only saving move was the incredible} 47. Rxg7+ {with the idea of} Kxg7 48. Qg8+ $1 Kxg8 {stalemate. 48. Qh8+! Kf7 49. Qf8+! Kxf8 and 48. Qf8+! Kh7 49. Qf7+!! Nxf7 also lead to stalemate, but they use the same idea as the first line. This double kamikaze sacrifice looks like something straight out of a puzzle book, and I distinctly remember it being labeled as a “very rare motif” in Murray Chandler’s Chess Tactics for Kids. Even my coach didn’t find it, and I doubt most players could in a practical game, when there is no “White to Move and Draw” attached to the board.}) 47... Nc4+ $1 48. Rxc4 bxc4 49. b5 Qb6+ {This is the quickest way to end the game.} 50. Qxb6 cxb6+ 51. Kb4 {[%csl Gd6] Checkmate is now unavoidable. Kxb6 was best.} ({If} 51. Kxb6 {black wins the pawn race after} c3 52. Ka7 c2 53. b6 c1=Q 54. b7 {and the Queen versus pawn is so winning that you can even sacrifice the queen for the b7 pawn. It seems like my opponent was hoping I had overlooked his 51st move, which I had briefly calculated, but even if I had, the solution is obvious.}) 51... d5 {There is no hope left for White, as if he takes the d5 pawn, the pawn on c4 will promote. Therefore, he resigned.} 0-1